<?xml version="1.0" encoding="UTF-8"?>
<record
    xmlns:xsi="http://www.w3.org/2001/XMLSchema-instance"
    xsi:schemaLocation="http://www.loc.gov/MARC21/slim http://www.loc.gov/standards/marcxml/schema/MARC21slim.xsd"
    xmlns="http://www.loc.gov/MARC21/slim">

  <leader>01617nam a22002057a 4500</leader>
  <controlfield tag="005">20260416125005.0</controlfield>
  <datafield tag="020" ind1=" " ind2=" ">
    <subfield code="a">9966712194</subfield>
    <subfield code="c">TZS 18,000/=</subfield>
  </datafield>
  <datafield tag="040" ind1=" " ind2=" ">
    <subfield code="a">MCCL</subfield>
    <subfield code="b">eng.</subfield>
    <subfield code="e">AACR 2nd rev. ed.</subfield>
  </datafield>
  <datafield tag="082" ind1=" " ind2=" ">
    <subfield code="a">341.678 LAW</subfield>
  </datafield>
  <datafield tag="100" ind1=" " ind2=" ">
    <subfield code="a">Law Africa</subfield>
  </datafield>
  <datafield tag="245" ind1=" " ind2=" ">
    <subfield code="a">The Jurisprudence on Regional and International Tribunals Digest</subfield>
    <subfield code="c">Law Africa</subfield>
  </datafield>
  <datafield tag="260" ind1=" " ind2=" ">
    <subfield code="a">Nairobi ;</subfield>
    <subfield code="b">Law Africa,</subfield>
    <subfield code="c">c2007.</subfield>
  </datafield>
  <datafield tag="300" ind1=" " ind2=" ">
    <subfield code="a">xviii, 368 p. :</subfield>
    <subfield code="c">23 cm.</subfield>
  </datafield>
  <datafield tag="504" ind1=" " ind2=" ">
    <subfield code="a">N/A</subfield>
  </datafield>
  <datafield tag="520" ind1=" " ind2=" ">
    <subfield code="a">Summary:The Jurisprudence on Regional and International Tribunals Digest is borne out of the recent developments in the judicial arena of the East African Community and other inter-state arrangements where matters are increasingly getting litigated and determined at the international fora. With such a development, there is the more current need to document the reasoning, not just of judicial officers from the East African Court of Justice but also from other regional and international tribunals. This will help in consolidating knowledge on diverse aspects of substance and procedure from these tribunals for both academic and practice purposes. This digest no doubt adds value to practitioners in the East African region and beyond who are getting absorbed into legal practice before tribunals of an international law character. It is hoped that the digest will further be of great assistance to the community of the academia that is in need of material for the dispensation of knowledge in the area of international law</subfield>
  </datafield>
  <datafield tag="546" ind1=" " ind2=" ">
    <subfield code="a">eng.</subfield>
  </datafield>
  <datafield tag="650" ind1=" " ind2=" ">
    <subfield code="a">The Jurisprudence on Regional and International Tribunals Digest</subfield>
  </datafield>
  <datafield tag="700" ind1=" " ind2=" ">
    <subfield code="a">Law Africa</subfield>
  </datafield>
  <datafield tag="942" ind1=" " ind2=" ">
    <subfield code="c">BK</subfield>
  </datafield>
  <datafield tag="999" ind1=" " ind2=" ">
    <subfield code="c">12671</subfield>
    <subfield code="d">12671</subfield>
  </datafield>
  <datafield tag="952" ind1=" " ind2=" ">
    <subfield code="0">0</subfield>
    <subfield code="1">0</subfield>
    <subfield code="4">0</subfield>
    <subfield code="7">0</subfield>
    <subfield code="a">MU002</subfield>
    <subfield code="b">MU002</subfield>
    <subfield code="d">2009-06-01</subfield>
    <subfield code="e">Law Africa</subfield>
    <subfield code="l">0</subfield>
    <subfield code="o">341.678 LAW</subfield>
    <subfield code="p">001377</subfield>
    <subfield code="r">2026-04-16 12:52:11</subfield>
    <subfield code="t">1</subfield>
    <subfield code="w">2026-04-16</subfield>
    <subfield code="y">BK</subfield>
  </datafield>
  <datafield tag="952" ind1=" " ind2=" ">
    <subfield code="0">0</subfield>
    <subfield code="1">0</subfield>
    <subfield code="4">0</subfield>
    <subfield code="7">0</subfield>
    <subfield code="a">MU002</subfield>
    <subfield code="b">MU002</subfield>
    <subfield code="d">2009-06-01</subfield>
    <subfield code="e">Law Africa</subfield>
    <subfield code="l">0</subfield>
    <subfield code="o">341.678 LAW</subfield>
    <subfield code="p">001378</subfield>
    <subfield code="r">2026-04-16 12:52:11</subfield>
    <subfield code="t">2</subfield>
    <subfield code="w">2026-04-16</subfield>
    <subfield code="y">BK</subfield>
  </datafield>
</record>
